000 00389nam a22001217a 4500
999 _c13707
_d13707
082 _a954.9105
_bخ ا ن
100 _aخان، ایچ بی
245 _aعہد بےنظیر بھٹومیں حقوق انسانی کی زبوں حالی
260 _aکراچی
_bالحمد اکادمی
_c٢٠٠٤
300 _a٢٠٤ صفحات
650 _aBe Nazeer Bhutto
_aH.B Khan
942 _cBK